[Event "Tradewise Gibraltar Masters 16th"]
[Site "Gibraltar"]
[Date "2018.01.28"]
[Round "6.101"]
[White "Lercel, Michal"]
[Black "Arroyo Rodriguez, Jesus"]
[Result "1-0"]
[WhiteElo "2252"]
[BlackElo "2057"]
[PlyCount "111"]
[EventDate "2018.01.23"]
[EventType "swiss"]
[EventRounds "10"]
[EventCountry "GGB"]
[SourceTitle "BritBase"]
[Source "www.saund.co.uk"]
[SourceDate "2018.02.10"]
[SourceVersion "1"]
[SourceVersionDate "2018.02.10"]
[SourceQuality "1"]

1. Nf3 Nf6 2. c4 g6 3. b4 Bg7 4. Bb2 O-O 5. g3 c6 6. Bg2 d6 7. O-O Qb6 8. Qb3
a5 9. b5 a4 10. Qb4 Nbd7 11. d3 cxb5 12. Qxb5 Qxb5 13. cxb5 Nc5 14. Na3 Bd7 15.
Rab1 Be6 16. Ra1 Bd7 17. Nd2 Rab8 18. Ndc4 b6 19. Rfc1 Rfc8 20. Rc2 Ne8 21.
Bxg7 Kxg7 22. d4 Ne6 23. e3 N8c7 24. Rb1 f6 25. Bc6 Bxc6 26. bxc6 b5 27. Rcb2
Nd8 28. Nxb5 Rxb5 29. Rxb5 Nxb5 30. Rxb5 Nxc6 31. Rb7 Kf8 32. Nb6 Na5 33. Nxc8
Nxb7 34. Nb6 a3 35. Nc4 Ke8 36. Nxa3 Kd7 37. Kf1 Kc6 38. Ke2 d5 39. Nb1 Kb5 40.
Kd3 Nd6 41. Nc3+ Kc6 42. e4 dxe4+ 43. Nxe4 Nb5 44. a4 Nc7 45. Kc4 h5 46. h4 Kb6
47. Nc3 Kc6 48. a5 g5 49. d5+ Kb7 50. Ne4 gxh4 51. gxh4 Ka6 52. Ng3 Nb5 53. Nf5
Kxa5 54. Kc5 Nc3 55. Nxe7 Ka6 56. Kc6 1-0

[Event "Tradewise Gibraltar Masters 16th"]
[Site "Gibraltar"]
[Date "2018.01.28"]
[Round "6.102"]
[White "Kozarcanin, Sead"]
[Black "Maisuradze, Nino"]
[Result "0-1"]
[WhiteElo "2048"]
[BlackElo "2234"]
[PlyCount "70"]
[EventDate "2018.01.23"]
[EventType "swiss"]
[EventRounds "10"]
[EventCountry "GGB"]
[SourceTitle "BritBase"]
[Source "www.saund.co.uk"]
[SourceDate "2018.02.10"]
[SourceVersion "1"]
[SourceVersionDate "2018.02.10"]
[SourceQuality "1"]

1. b3 e5 2. Bb2 Nc6 3. e3 d5 4. Bb5 f6 5. Bxc6+ bxc6 6. d3 Bd6 7. Nd2 Ne7 8.
Ngf3 O-O 9. O-O Bg4 10. h3 Bh5 11. e4 Qd7 12. Re1 Ng6 13. Kh2 Nf4 14. Rg1 f5
15. Qf1 fxe4 16. dxe4 Nxh3 17. gxh3 Bxf3 18. Re1 Rf7 19. Rg3 Bh5 20. Kg2 Raf8
21. f3 Bb4 22. c3 Be7 23. exd5 Qxd5 24. Rd1 Bh4 25. c4 Qe6 26. Rg4 Bxg4 27.
hxg4 h5 28. gxh5 Qf5 29. Ne4 Qxh5 30. Rd3 Qg6+ 31. Kh3 Rf4 32. Qd1 Be7 33. Ng3
e4 34. fxe4 Qh6+ 35. Qh5 Rh4+ 0-1

[Event "Tradewise Gibraltar Masters 16th"]
[Site "Gibraltar"]
[Date "2018.01.28"]
[Round "6.103"]
[White "Kvisla, Johannes Luangtep"]
[Black "Hewson, Brian W R"]
[Result "1-0"]
[WhiteElo "2234"]
[BlackElo "2024"]
[PlyCount "115"]
[EventDate "2018.01.23"]
[EventType "swiss"]
[EventRounds "10"]
[EventCountry "GGB"]
[SourceTitle "BritBase"]
[Source "www.saund.co.uk"]
[SourceDate "2018.02.10"]
[SourceVersion "1"]
[SourceVersionDate "2018.02.10"]
[SourceQuality "1"]

1. d4 d5 2. Bf4 c5 3. e3 Nc6 4. Nf3 Bg4 5. c3 Bxf3 6. Qxf3 cxd4 7. exd4 e6 8.
Qg3 Nf6 9. Nd2 Nh5 10. Qf3 Nxf4 11. Qxf4 Bd6 12. Qg4 Qf6 13. Be2 g6 14. Qf3
Qxf3 15. Bxf3 Rc8 16. O-O Na5 17. Be2 Bf4 18. Nb3 Nc4 19. g3 Bd6 20. Rfb1 Ke7
21. a4 Rc7 22. a5 Rhc8 23. Ra2 Kf6 24. Kf1 Rc6 25. Ke1 h5 26. h4 Bf8 27. Rba1
Bd6 28. Nc1 Bf8 29. Nd3 R6c7 30. Rd1 Nd6 31. Ne5 Bh6 32. Bd3 Nf5 33. Bxf5 gxf5
34. f4 Bf8 35. Kf2 Bd6 36. Nd3 Rc4 37. Ke2 Ke7 38. Kd2 R4c7 39. Raa1 Rg8 40.
Rg1 Rgc8 41. Nc1 Rc4 42. Ne2 Rg8 43. Kd3 Rc6 44. Rgf1 Kd7 45. Ra4 Re8 46. b3
Ra6 47. Rfa1 f6 48. c4 dxc4+ 49. bxc4 b6 50. axb6 Rxa4 51. Rxa4 axb6 52. Ra6
Rb8 53. Ra7+ Bc7 54. Nc3 Kc8 55. Nb5 Rb7 56. Ra8+ Rb8 57. Ra1 Kb7 58. Ra7+ 1-0

[Event "Tradewise Gibraltar Masters 16th"]
[Site "Gibraltar"]
[Date "2018.01.28"]
[Round "6.104"]
[White "Hamer, Martyn"]
[Black "Semprun Martinez, Fernando"]
[Result "0-1"]
[WhiteElo "2020"]
[BlackElo "2209"]
[PlyCount "56"]
[EventDate "2018.01.23"]
[EventType "swiss"]
[EventRounds "10"]
[EventCountry "GGB"]
[SourceTitle "BritBase"]
[Source "www.saund.co.uk"]
[SourceDate "2018.02.10"]
[SourceVersion "1"]
[SourceVersionDate "2018.02.10"]
[SourceQuality "1"]

1. e4 e6 2. d4 d5 3. e5 c5 4. c3 Bd7 5. Nf3 Nc6 6. Be2 f6 7. exf6 Nxf6 8. O-O
Bd6 9. Bg5 O-O 10. Re1 Qc7 11. Bh4 Rae8 12. Bg3 Ne4 13. Bxd6 Qxd6 14. Nbd2 Qf4
15. Bd3 Nxd2 16. Nxd2 Qxf2+ 17. Kh1 e5 18. dxe5 Nxe5 19. Be2 Ng4 20. Bxg4 Bxg4
21. Qc1 Re2 22. Rxe2 Qxe2 23. h3 Rf2 24. Qg1 Qxd2 25. hxg4 Qh6+ 26. Qh2 Qxh2+
27. Kxh2 Rxb2 28. Rd1 Rxa2 0-1

[Event "Tradewise Gibraltar Masters 16th"]
[Site "Gibraltar"]
[Date "2018.01.28"]
[Round "6.105"]
[White "Walton, Alan J"]
[Black "Avila Fraire, Ameyalli"]
[Result "0-1"]
[WhiteElo "2194"]
[BlackElo "2014"]
[PlyCount "76"]
[EventDate "2018.01.23"]
[EventType "swiss"]
[EventRounds "10"]
[EventCountry "GGB"]
[SourceTitle "BritBase"]
[Source "www.saund.co.uk"]
[SourceDate "2018.02.10"]
[SourceVersion "1"]
[SourceVersionDate "2018.02.10"]
[SourceQuality "1"]

1. d4 Nf6 2. Bg5 d5 3. e3 c5 4. c3 Nc6 5. Nf3 Qb6 6. Qb3 c4 7. Qxb6 axb6 8.
Nbd2 b5 9. Be2 Bf5 10. O-O b4 11. Nh4 Be6 12. Bxf6 exf6 13. e4 dxe4 14. Nxe4
Be7 15. Nd2 b5 16. Bf3 Bd7 17. Nf5 bxc3 18. bxc3 g6 19. Nxe7 Kxe7 20. d5 Ne5
21. d6+ Kxd6 22. Bxa8 Rxa8 23. Ne4+ Ke7 24. Nc5 Bf5 25. a4 Kd6 26. f4 Ng4 27.
h3 Ne3 28. Rfe1 Nd5 29. g4 Kxc5 30. gxf5 Nxc3 31. axb5 Rxa1 32. Rxa1 Nxb5 33.
Kf2 Kd4 34. Rb1 c3 35. fxg6 fxg6 36. Rxb5 c2 37. Rb4+ Kd5 38. Rb5+ Kc6 0-1

[Event "Tradewise Gibraltar Masters 16th"]
[Site "Gibraltar"]
[Date "2018.01.28"]
[Round "6.106"]
[White "Guthrie, David"]
[Black "Roman Lopez, Jesus"]
[Result "1/2-1/2"]
[WhiteElo "2181"]
[BlackElo "2008"]
[PlyCount "121"]
[EventDate "2018.01.23"]
[EventType "swiss"]
[EventRounds "10"]
[EventCountry "GGB"]
[SourceTitle "BritBase"]
[Source "www.saund.co.uk"]
[SourceDate "2018.02.10"]
[SourceVersion "1"]
[SourceVersionDate "2018.02.10"]
[SourceQuality "1"]

1. d4 d5 2. c4 dxc4 3. Nc3 e5 4. e3 exd4 5. exd4 Nf6 6. Bxc4 Bd6 7. Nf3 O-O 8.
O-O h6 9. Qd3 Kh8 10. Re1 Nc6 11. a3 Ne7 12. Nb5 Bf5 13. Qb3 Ned5 14. Nxd6 Qxd6
15. Qxb7 Be4 16. Rxe4 Rab8 17. Qxa7 Nxe4 18. Qa5 c6 19. Bd3 f5 20. Qe1 Ndf6 21.
b4 Ng4 22. Ra2 Rbe8 23. Qf1 Re7 24. h3 Ngf6 25. Ne5 Nd5 26. Rc2 Rc7 27. Qe2
Ndc3 28. Qf3 Rf6 29. Bf4 Qd8 30. Nc4 Rd7 31. Be5 Rxd4 32. Bxf6 Qxf6 33. Bxe4
Nxe4 34. Ne3 f4 35. Ng4 Qd6 36. Rc1 h5 37. Nh2 g6 38. Re1 Nd2 39. Qc3 Kh7 40.
Nf3 Nxf3+ 41. Qxf3 Rd3 42. Re7+ Kh6 43. Re6 Rxf3 44. Rxd6 Rxa3 45. Rxc6 Rb3 46.
Rc4 Kg5 47. Kh2 Rb2 48. h4+ Kf5 49. f3 Rb1 50. Rc5+ Kf6 51. b5 Kg7 52. g3 Rb2+
53. Kh3 Rb3 54. gxf4 Rxf3+ 55. Kg2 Rxf4 56. Kg3 Rb4 57. Rg5 Kf6 58. Rc5 Rb3+
59. Kg2 Rb4 60. Kg3 Rb3+ 61. Kg2 1/2-1/2

[Event "Tradewise Gibraltar Masters 16th"]
[Site "Gibraltar"]
[Date "2018.01.28"]
[Round "6.107"]
[White "Gagare, Shalmali"]
[Black "Lochte, Thomas"]
[Result "1/2-1/2"]
[WhiteElo "2001"]
[BlackElo "2169"]
[PlyCount "60"]
[EventDate "2018.01.23"]
[EventType "swiss"]
[EventRounds "10"]
[EventCountry "GGB"]
[SourceTitle "BritBase"]
[Source "www.saund.co.uk"]
[SourceDate "2018.02.10"]
[SourceVersion "1"]
[SourceVersionDate "2018.02.10"]
[SourceQuality "1"]

1. c4 e5 2. g3 Nf6 3. Bg2 Bc5 4. Nc3 Nc6 5. d3 O-O 6. e3 Re8 7. Nge2 d6 8. O-O
Bg4 9. a3 a5 10. b3 Qd7 11. Bb2 Qf5 12. d4 exd4 13. exd4 Ba7 14. f3 Qe5 15. Kh1
Nxd4 16. Ne4 Nxe4 17. Bxd4 Bxd4 18. Qxd4 Nf6 19. fxg4 Qxe2 20. Bxb7 Nxg4 21.
Qg1 Rab8 22. Bf3 Qe6 23. Bd5 Qe3 24. Bxf7+ Kh8 25. Bxe8 Qe4+ 26. Qg2 Qxg2+ 27.
Kxg2 Ne3+ 28. Kg1 Nxf1 29. Rxf1 Rxe8 30. Rf7 Rc8 1/2-1/2

[Event "Tradewise Gibraltar Masters 16th"]
[Site "Gibraltar"]
[Date "2018.01.28"]
[Round "6.108"]
[White "Bopp, Thomas"]
[Black "Burke, Mitchell R"]
[Result "1-0"]
[WhiteElo "2154"]
[BlackElo "1989"]
[PlyCount "35"]
[EventDate "2018.01.23"]
[EventType "swiss"]
[EventRounds "10"]
[EventCountry "GGB"]
[SourceTitle "BritBase"]
[Source "www.saund.co.uk"]
[SourceDate "2018.02.10"]
[SourceVersion "1"]
[SourceVersionDate "2018.02.10"]
[SourceQuality "1"]

1. d4 Nf6 2. Nc3 d5 3. Bf4 c6 4. e3 Nbd7 5. h3 g6 6. Nf3 Bg7 7. Be2 O-O 8. O-O
Re8 9. Bh2 Ne4 10. Nxe4 dxe4 11. Nd2 f5 12. c3 e5 13. Nc4 exd4 14. cxd4 Nf6 15.
Nd6 Re6 16. Qb3 Nd5 17. Nxb7 Qg5 18. Nc5 1-0

[Event "Tradewise Gibraltar Masters 16th"]
[Site "Gibraltar"]
[Date "2018.01.28"]
[Round "6.109"]
[White "Suez-Panama, Gilles"]
[Black "Ranaivoharisoa, Alain"]
[Result "1-0"]
[WhiteElo "1959"]
[BlackElo "2142"]
[PlyCount "83"]
[EventDate "2018.01.23"]
[EventType "swiss"]
[EventRounds "10"]
[EventCountry "GGB"]
[SourceTitle "BritBase"]
[Source "www.saund.co.uk"]
[SourceDate "2018.02.10"]
[SourceVersion "1"]
[SourceVersionDate "2018.02.10"]
[SourceQuality "1"]

1. d4 Nf6 2. Nf3 e6 3. c4 b6 4. a3 Bb7 5. Nc3 Be7 6. d5 d6 7. e4 e5 8. Bd3 O-O
9. O-O Bc8 10. b4 a5 11. Bb2 g6 12. c5 bxc5 13. bxc5 Nbd7 14. Na4 Nh5 15. g3
Ng7 16. c6 Nf6 17. Re1 Bg4 18. Kg2 Qc8 19. Nc3 Nfh5 20. Be2 f5 21. Ng1 Bxe2 22.
Qxe2 f4 23. Bc1 Rb8 24. Nb5 fxg3 25. hxg3 Ne8 26. a4 Qd8 27. Qg4 Nef6 28. Qe6+
Rf7 29. Nf3 Ng7 30. Qh3 Qc8 31. Qxc8+ Rxc8 32. Bd2 Ng4 33. Bxa5 Rff8 34. Ra3
Bd8 35. Re2 g5 36. Be1 Bf6 37. a5 h5 38. a6 Nh6 39. Ba5 g4 40. Ne1 h4 41. Bxc7
h3+ 42. Kg1 1-0

[Event "Tradewise Gibraltar Masters 16th"]
[Site "Gibraltar"]
[Date "2018.01.28"]
[Round "6.110"]
[White "Herzwurm, Robert"]
[Black "Vilarnovo Caamano, Jose"]
[Result "1-0"]
[WhiteElo "2123"]
[BlackElo "1981"]
[PlyCount "91"]
[EventDate "2018.01.23"]
[EventType "swiss"]
[EventRounds "10"]
[EventCountry "GGB"]
[SourceTitle "BritBase"]
[Source "www.saund.co.uk"]
[SourceDate "2018.02.10"]
[SourceVersion "1"]
[SourceVersionDate "2018.02.10"]
[SourceQuality "1"]

1. e4 c5 2. Nc3 e6 3. f4 a6 4. g3 d5 5. Nf3 Nc6 6. Bg2 Nf6 7. e5 Nd7 8. d3 Be7
9. O-O O-O 10. h4 b5 11. Qe1 Qc7 12. g4 Nd4 13. Qf2 b4 14. Nd1 Nxf3+ 15. Bxf3
f6 16. exf6 Bxf6 17. Be3 Bb7 18. g5 Bd4 19. Bg4 Rae8 20. Bxd4 cxd4 21. Qxd4
Qxc2 22. Ne3 Qc5 23. Qxc5 Nxc5 24. d4 Nd3 25. Ng2 Nxb2 26. Rab1 Nc4 27. Rxb4
Bc6 28. Re1 Kf7 29. Re2 a5 30. Rb1 Re7 31. Ne1 Rfe8 32. Nd3 Rb7 33. Rbe1 e5 34.
dxe5 g6 35. f5 gxf5 36. Bh5+ Ke7 37. Bxe8 Bxe8 38. Nf4 d4 39. Rc1 Ne3 40. Rd2
Rb4 41. Rc7+ Kf8 42. Ne6+ Kg8 43. Rxd4 Rb1+ 44. Kf2 Ng4+ 45. Ke2 Rb2+ 46. Kd1
1-0

[Event "Tradewise Gibraltar Masters 16th"]
[Site "Gibraltar"]
[Date "2018.01.28"]
[Round "6.111"]
[White "Bozinovic, Boban"]
[Black "Villar Reymundo, Juan Antonio"]
[Result "0-1"]
[WhiteElo "1972"]
[BlackElo "2121"]
[PlyCount "102"]
[EventDate "2018.01.23"]
[EventType "swiss"]
[EventRounds "10"]
[EventCountry "GGB"]
[SourceTitle "BritBase"]
[Source "www.saund.co.uk"]
[SourceDate "2018.02.10"]
[SourceVersion "1"]
[SourceVersionDate "2018.02.10"]
[SourceQuality "1"]

1. e4 c5 2. Nf3 d6 3. d4 cxd4 4. Nxd4 Nf6 5. Nc3 a6 6. Bg5 Nc6 7. Be2 e6 8. Qd2
Bd7 9. O-O b5 10. a3 Be7 11. Rad1 Rc8 12. Nxc6 Bxc6 13. Rfe1 O-O 14. Bf3 Kh8
15. Bf4 Ne8 16. Qe2 Qb6 17. Nd5 Bxd5 18. exd5 e5 19. Be3 Qc7 20. c3 f5 21. g3
Qb7 22. Bg2 Bd8 23. Qh5 Bb6 24. Bxb6 Qxb6 25. Bh3 g6 26. Qg5 Nf6 27. Qe3 Qxe3
28. fxe3 Rc5 29. Kf2 Rd8 30. Rd2 Ne4+ 31. Ke2 Nxd2 32. Kxd2 Rxd5+ 33. Kc2 e4
34. Bf1 Kg7 35. Be2 Kf6 36. Rd1 Ke5 37. b4 a5 38. bxa5 Ra8 39. Rb1 Rxa5 40. Rb3
g5 41. Kc1 f4 42. exf4+ gxf4 43. gxf4+ Kxf4 44. Kc2 Rg5 45. Kd2 Rg2 46. h4 Rh2
47. h5 Ra8 48. Rxb5 Rxa3 49. Rb2 d5 50. Rc2 Ra1 51. Rb2 Rg1 0-1

[Event "Tradewise Gibraltar Masters 16th"]
[Site "Gibraltar"]
[Date "2018.01.28"]
[Round "6.112"]
[White "Stewart, Ashley"]
[Black "Van De Groep, William"]
[Result "1-0"]
[WhiteElo "2120"]
[BlackElo "1972"]
[PlyCount "143"]
[EventDate "2018.01.23"]
[EventType "swiss"]
[EventRounds "10"]
[EventCountry "GGB"]
[SourceTitle "BritBase"]
[Source "www.saund.co.uk"]
[SourceDate "2018.02.10"]
[SourceVersion "1"]
[SourceVersionDate "2018.02.10"]
[SourceQuality "1"]

1. c4 f5 2. g3 Nf6 3. Bg2 g6 4. Nc3 Bg7 5. e3 d6 6. Nge2 c6 7. d3 O-O 8. O-O e5
9. f4 exf4 10. Nxf4 Na6 11. Qd2 Nc5 12. b4 Ne6 13. Rb1 Ng5 14. b5 Bd7 15. a4
Nf7 16. Ba3 Ng4 17. Nd1 Qg5 18. bxc6 bxc6 19. Rb7 Rfd8 20. Rxd7 Rxd7 21. Bxc6
Rad8 22. Bxd7 Rxd7 23. Bb2 Nfe5 24. Qg2 Qe7 25. h3 Nf6 26. Nc3 Qd8 27. Ncd5
Nxd5 28. Qxd5+ Kh8 29. Ne6 Qg8 30. Nxg7 Qxd5 31. cxd5 Kxg7 32. Bxe5+ dxe5 33.
e4 fxe4 34. dxe4 Rc7 35. Rd1 Kf7 36. Kf2 Ke8 37. Ke3 Rc4 38. Rb1 Rxa4 39. Rb8+
Kd7 40. Rb7+ Kd6 41. Rxh7 Ra3+ 42. Kf2 Kc5 43. Rc7+ Kd4 44. d6 Kxe4 45. Rc4+
Kf5 46. Rd4 exd4 47. d7 Ke4 48. d8=Q Ra2+ 49. Ke1 Kd3 50. Qd5 Re2+ 51. Kf1 Rh2
52. Qb3+ Ke4 53. Qe6+ Kf3 54. Qg4+ Ke3 55. Qg5+ Kd3 56. Qxg6+ Kc3 57. Qc6+ Kb3
58. Qb5+ Kc3 59. Qc5+ Kd3 60. h4 Rc2 61. Qxa7 Ke3 62. Qe7+ Kd2 63. Qe1+ Kd3 64.
Qd1+ Kc3 65. Qa1+ Kc4 66. Qa4+ Kc3 67. Qa3+ Kc4 68. h5 d3 69. Ke1 Rh2 70. Qa4+
Kc3 71. Qa5+ Kc4 72. Kd1 1-0

[Event "Tradewise Gibraltar Masters 16th"]
[Site "Gibraltar"]
[Date "2018.01.28"]
[Round "6.113"]
[White "Smith, Andrew Philip"]
[Black "Chibnall, Alana"]
[Result "1-0"]
[WhiteElo "2111"]
[BlackElo "1906"]
[PlyCount "83"]
[EventDate "2018.01.23"]
[EventType "swiss"]
[EventRounds "10"]
[EventCountry "GGB"]
[SourceTitle "BritBase"]
[Source "www.saund.co.uk"]
[SourceDate "2018.02.10"]
[SourceVersion "1"]
[SourceVersionDate "2018.02.10"]
[SourceQuality "1"]

1. e4 e5 2. d4 exd4 3. Qxd4 Nc6 4. Qe3 g6 5. Nc3 Bg7 6. Bd2 Nf6 7. e5 Ng4 8.
Qe2 Ngxe5 9. f4 Nd4 10. Qe4 d5 11. Qxd4 Nf3+ 12. Nxf3 Bxd4 13. Nxd4 O-O 14.
O-O-O c5 15. Nf3 d4 16. Ne4 Qc7 17. Kb1 b6 18. Ng3 Bg4 19. Bc4 Bxf3 20. gxf3
Qc6 21. f5 Qxf3 22. fxg6 hxg6 23. Bh6 Qc6 24. Bxf8 Rxf8 25. Rhf1 b5 26. Be2 f5
27. h4 Re8 28. Bf3 Qc7 29. Bd5+ Kg7 30. Rg1 Kf6 31. a3 Qd6 32. Bh1 Re3 33. Nf1
Rh3 34. Nd2 Rxh4 35. Rdf1 Kg7 36. Bb7 Rf4 37. Rxf4 Qxf4 38. Nf3 Kf6 39. Bc6 a6
40. Ka2 Qd6 41. Bb7 Qd7 42. Rxg6+ 1-0

[Event "Tradewise Gibraltar Masters 16th"]
[Site "Gibraltar"]
[Date "2018.01.28"]
[Round "6.114"]
[White "Gillis Onieva, Celia"]
[Black "Hapala, Elisabeth"]
[Result "0-1"]
[WhiteElo "1848"]
[BlackElo "2097"]
[PlyCount "134"]
[EventDate "2018.01.23"]
[EventType "swiss"]
[EventRounds "10"]
[EventCountry "GGB"]
[SourceTitle "BritBase"]
[Source "www.saund.co.uk"]
[SourceDate "2018.02.10"]
[SourceVersion "1"]
[SourceVersionDate "2018.02.10"]
[SourceQuality "1"]

1. d4 d5 2. c4 c6 3. cxd5 cxd5 4. Nc3 Nf6 5. Bf4 Nc6 6. e3 a6 7. Bd3 Bg4 8.
Nge2 e6 9. O-O Bd6 10. f3 Bh5 11. Rc1 Bg6 12. Bxd6 Qxd6 13. Nf4 Bxd3 14. Nxd3
O-O 15. Na4 Nd7 16. Qd2 Rac8 17. Nac5 Nxc5 18. Nxc5 Rc7 19. Rc3 Na5 20. b3 Rfc8
21. Rfc1 g6 22. Nd3 h6 23. Rxc7 Rxc7 24. Rxc7 Qxc7 25. Nb4 Qc8 26. Qd3 b5 27.
Qd2 Kg7 28. Nxd5 Nxb3 29. Qc3 Qxc3 30. Nxc3 b4 31. Ne2 Nd2 32. Kf2 a5 33. Nc1
Nc4 34. Ke2 Kf6 35. Kd3 Nb6 36. Nb3 a4 37. Nc5 Ke7 38. e4 Kd6 39. Na6 b3 40.
axb3 axb3 41. Kc3 Nc4 42. Kxb3 Ne3 43. g3 Nf1 44. e5+ Ke7 45. f4 Nxh2 46. Nc5
f5 47. exf6+ Kxf6 48. Kc3 h5 49. Kd3 Nf1 50. g4 hxg4 51. Ke2 Ng3+ 52. Kf2 Nh5
53. Ke3 Kf5 54. Ne4 g3 55. Kf3 g2 56. Nd6+ Kf6 57. Ne4+ Ke7 58. Kxg2 Nxf4+ 59.
Kf3 Nd5 60. Kg4 Nf6+ 61. Kf4 Nxe4 62. Kxe4 Kf6 63. d5 exd5+ 64. Kxd5 Kf5 65.
Kd4 Kf4 66. Kd3 Kf3 67. Kd2 Kf2 0-1

[Event "Tradewise Gibraltar Masters 16th"]
[Site "Gibraltar"]
[Date "2018.01.28"]
[Round "6.115"]
[White "Bolt, Graham"]
[Black "Cherigui, Mourad"]
[Result "0-1"]
[WhiteElo "2094"]
[BlackElo "1892"]
[PlyCount "72"]
[EventDate "2018.01.23"]
[EventType "swiss"]
[EventRounds "10"]
[EventCountry "GGB"]
[SourceTitle "BritBase"]
[Source "www.saund.co.uk"]
[SourceDate "2018.02.10"]
[SourceVersion "1"]
[SourceVersionDate "2018.02.10"]
[SourceQuality "1"]

1. Nf3 Nf6 2. g3 g6 3. Bg2 Bg7 4. O-O d5 5. d4 O-O 6. c4 c6 7. Nc3 e6 8. b3 b6
9. cxd5 Nxd5 10. Nxd5 exd5 11. Bf4 Nd7 12. Rc1 Bb7 13. b4 Re8 14. Re1 Rc8 15.
e4 Rxe4 16. Rxe4 dxe4 17. Ng5 Nf6 18. Be5 e3 19. fxe3 Nd5 20. Bf4 Nxf4 21. gxf4
Qe7 22. Qb3 Re8 23. Bxc6 Bxc6 24. Rxc6 Bxd4 25. Kg2 Bxe3 26. Qc4 b5 27. Qxb5
Bxf4 28. Nf3 Qe2+ 29. Qxe2 Rxe2+ 30. Kh3 h5 31. Kh4 Rf2 32. Rc3 Rxa2 33. h3 Ra4
34. Rb3 Bd6 35. Kg5 Kg7 36. h4 f6# 0-1

[Event "Tradewise Gibraltar Masters 16th"]
[Site "Gibraltar"]
[Date "2018.01.28"]
[Round "6.116"]
[White "Pinho, Paulo"]
[Black "Adewole, Adeyinka"]
[Result "1-0"]
[WhiteElo "2186"]
[BlackElo "2001"]
[PlyCount "73"]
[EventDate "2018.01.23"]
[EventType "swiss"]
[EventRounds "10"]
[EventCountry "GGB"]
[SourceTitle "BritBase"]
[Source "www.saund.co.uk"]
[SourceDate "2018.02.10"]
[SourceVersion "1"]
[SourceVersionDate "2018.02.10"]
[SourceQuality "1"]

1. d4 e6 2. Nf3 d5 3. c4 b6 4. cxd5 exd5 5. Nc3 Bb7 6. g3 Nf6 7. Bg2 Nbd7 8.
Ne5 Bb4 9. Qa4 Bxc3+ 10. bxc3 c6 11. Ba3 b5 12. Qc2 Qc7 13. Qf5 Nf8 14. O-O Bc8
15. Qc2 Ne6 16. f4 a5 17. Qd2 Bb7 18. g4 Qb6 19. f5 Nc7 20. Bc5 Qa6 21. Qf4
O-O-O 22. Nxf7 b4 23. cxb4 Qxe2 24. Bb6 Qe7 25. Nxh8 Rxh8 26. Rfe1 Ne4 27. Bxe4
dxe4 28. Rxe4 Nd5 29. Rxe7 Nxf4 30. bxa5 Nd5 31. Rxg7 Re8 32. Bc5 Re2 33. Rb1
Ba6 34. Bd6 Bb5 35. a4 Nc3 36. axb5 Nxb1 37. bxc6 1-0

[Event "Tradewise Gibraltar Masters 16th"]
[Site "Gibraltar"]
[Date "2018.01.28"]
[Round "6.117"]
[White "Makka, Ioulia"]
[Black "Redondo Flores, David"]
[Result "1/2-1/2"]
[WhiteElo "2167"]
[BlackElo "2000"]
[PlyCount "109"]
[EventDate "2018.01.23"]
[EventType "swiss"]
[EventRounds "10"]
[EventCountry "GGB"]
[SourceTitle "BritBase"]
[Source "www.saund.co.uk"]
[SourceDate "2018.02.10"]
[SourceVersion "1"]
[SourceVersionDate "2018.02.10"]
[SourceQuality "1"]

1. e4 g6 2. d4 Bg7 3. Nf3 d6 4. Nc3 a6 5. a4 b6 6. Be3 Nd7 7. Bc4 e6 8. O-O Bb7
9. Re1 Ne7 10. Qd2 h6 11. h3 Nf6 12. Bd3 Kf8 13. Nh2 Nd7 14. Rad1 Kg8 15. f4 f5
16. Bf2 Kh7 17. Nf3 Re8 18. Bh4 Nf6 19. Re2 Qd7 20. Rde1 d5 21. exf5 exf5 22.
Bxf6 Bxf6 23. Re6 Ng8 24. Rxe8 Rxe8 25. Rxe8 Qxe8 26. g4 fxg4 27. hxg4 c5 28.
f5 cxd4 29. fxg6+ Kg7 30. Ne2 Qe3+ 31. Qxe3 dxe3 32. c3 Ne7 33. Nf4 Kg8 34. Nh5
Bh8 35. Nh4 d4 36. c4 Nc6 37. Be4 Nd8 38. Bxb7 Nxb7 39. Nf5 Nc5 40. g7 Bxg7 41.
Nhxg7 Nxa4 42. Nh5 Nxb2 43. Nxd4 Nxc4 44. Nf6+ Kf7 45. Nd5 Kg6 46. Nf3 a5 47.
Kf1 a4 48. Ke2 a3 49. Nb4 Kf6 50. Kd3 b5 51. Na2 Kg6 52. Nb4 h5 53. gxh5+ Kxh5
54. Nd4 Kg4 55. Nxb5 1/2-1/2

[Event "Tradewise Gibraltar Masters 16th"]
[Site "Gibraltar"]
[Date "2018.01.28"]
[Round "6.118"]
[White "Wilson, Matthew R"]
[Black "Dev, Shah"]
[Result "0-1"]
[WhiteElo "1782"]
[BlackElo "1977"]
[PlyCount "72"]
[EventDate "2018.01.23"]
[EventType "swiss"]
[EventRounds "10"]
[EventCountry "GGB"]
[SourceTitle "BritBase"]
[Source "www.saund.co.uk"]
[SourceDate "2018.02.10"]
[SourceVersion "1"]
[SourceVersionDate "2018.02.10"]
[SourceQuality "1"]

1. Nf3 d5 2. d4 Nf6 3. c4 c6 4. Nc3 g6 5. e3 Bg7 6. Be2 O-O 7. O-O e6 8. Qc2
Nbd7 9. Rd1 b6 10. e4 dxe4 11. Nxe4 Nxe4 12. Qxe4 Bb7 13. Bg5 Qc8 14. Qh4 h5
15. Rab1 f6 16. Bc1 Qe8 17. b4 g5 18. Qg3 Rc8 19. h3 h4 20. Qg4 Qf7 21. Bd3
Rfd8 22. Bxg5 fxg5 23. Nxg5 Qf6 24. Bh7+ Kh8 25. Qh5 Bh6 26. f4 Nf8 27. Bc2 Rc7
28. Ne4 Qg7 29. Qxh4 Rb8 30. Qh5 Ng6 31. Rf1 Rg8 32. Nf6 Qxf6 33. Qxh6+ Rh7 34.
Qg5 Qxd4+ 35. Kh1 c5 36. Bxg6 Rxh3# 0-1

[Event "Tradewise Gibraltar Masters 16th"]
[Site "Gibraltar"]
[Date "2018.01.28"]
[Round "6.119"]
[White "Biegel, Thomas"]
[Black "De Graaf, Dick"]
[Result "1/2-1/2"]
[WhiteElo "1984"]
[BlackElo "2152"]
[PlyCount "172"]
[EventDate "2018.01.23"]
[EventType "swiss"]
[EventRounds "10"]
[EventCountry "GGB"]
[SourceTitle "BritBase"]
[Source "www.saund.co.uk"]
[SourceDate "2018.02.10"]
[SourceVersion "1"]
[SourceVersionDate "2018.02.10"]
[SourceQuality "1"]

1. d4 d5 2. Nf3 Nf6 3. c4 e6 4. g3 b6 5. Bg2 Bb7 6. O-O Nbd7 7. cxd5 exd5 8.
Nc3 Ne4 9. Nxe4 dxe4 10. Ng5 Be7 11. Nxe4 c6 12. Nc3 Nf6 13. e4 O-O 14. e5 Nd5
15. Nxd5 cxd5 16. Qg4 Bc8 17. Qe2 a5 18. Rd1 Be6 19. Be3 Qd7 20. Bf1 a4 21. a3
Qb7 22. Qd2 b5 23. Bg5 Bxg5 24. Qxg5 f6 25. exf6 Rxf6 26. Re1 h6 27. Qe5 b4 28.
Bg2 Rc8 29. Rac1 Rxc1 30. Rxc1 bxa3 31. bxa3 Qb2 32. Qe3 Bf7 33. Bh3 Kh7 34.
Rc8 Bg6 35. Bg2 Qb1+ 36. Rc1 Qa2 37. Bf1 Qb3 38. Rc3 Qd1 39. Rc1 Qg4 40. Be2
Qf5 41. Bb5 Re6 42. Qc3 Rf6 43. Qd2 Qh3 44. Bd3 Qg4 45. Bxg6+ Qxg6 46. Qc2 Qxc2
47. Rxc2 Rf3 48. Rc5 Rxa3 49. Rxd5 Kg6 50. Ra5 Ra1+ 51. Kg2 a3 52. Ra7 a2 53.
d5 Rd1 54. Rxa2 Rxd5 55. Ra6+ Kf7 56. Ra7+ Kf6 57. g4 Rd6 58. h4 Rb6 59. Kg3
Rc6 60. Ra5 Rb6 61. Rf5+ Kg6 62. h5+ Kh7 63. Rf7 Ra6 64. Rb7 Rc6 65. Rb3 Ra6
66. f4 Ra1 67. f5 Ra7 68. Re3 Rb7 69. Kf4 Ra7 70. Rd3 Rb7 71. Rd4 Kg8 72. Rc4
Ra7 73. Rb4 Ra6 74. Rd4 Kf7 75. g5 hxg5+ 76. Kxg5 Rb6 77. Rd7+ Kg8 78. Ra7 Rc6
79. Re7 Rc1 80. Re4 Rc6 81. Rh4 Kh7 82. Re4 Kg8 83. Re6 Rc1 84. Re8+ Kf7 85.
Re4 Rg1+ 86. Rg4 Rf1 1/2-1/2